César /

Bibliographic Details
Main Author: Pagnol, Marcel, 1895-1974
Format: Book
Language:French
Published: Paris : Editions de Fallois, c1988. [date of publication not identified]
Series:Pagnol, Marcel, 1895-1974. Works. 1988.
Fortunio (Paris, France) ; 9.

MARC

Tag First Indicator Second Indicator Subfields
LEADER 00000cam a2200000 a 4500
001 in00001353113
005 20151006060557.0
008 900109s1988 fr 000 1 fre d
035 |a (OCoLC)20866783 
035 |9 AHG1154AM 
040 |a HIL  |c HIL  |d TXA  |d UtOrBLW 
049 |a TXAM 
090 |a PQ2631.A26  |b C47 1988 
100 1 |a Pagnol, Marcel,  |d 1895-1974. 
245 1 0 |a César /  |c Marcel Pagnol. 
264 1 |a Paris :  |b Editions de Fallois, c1988.  |c [date of publication not identified] 
300 |a 220 pages ;  |c 17 cm. 
336 |a text  |b txt  |2 rdacontent 
337 |a unmediated  |b n  |2 rdamedia 
338 |a volume  |b nc  |2 rdacarrier 
490 1 |a Fortunio,  |x 0989-3512 ;  |v 9 
490 1 |a Œuvres de Marcel Pagnol 
504 |a Bibliography: pages 220-[221]. 
504 |a Filmographie: page [222]. 
830 0 |a Fortunio (Paris, France) ;  |v 9. 
800 1 |a Pagnol, Marcel,  |d 1895-1974.  |t Works.  |f 1988. 
999 |a MARS 
999 f f |s fc68bcd8-a58c-3dc2-b838-e1f2737506f8  |i c3f275e2-0cad-3d5c-a967-2c87e50d6c3f  |t 0 
952 f f |p ric  |a Texas A&M University  |b Rellis Campus  |c Joint Library Facility  |d Remote Storage  |t 0  |e PQ2631.A26 C47 1988  |h Library of Congress classification  |i unmediated -- volume  |m A14821285719 
998 f f |a PQ2631.A26 C47 1988  |t 0  |l Remote Storage